00349pab a2200121 454500008004000000100001900040245009400059260000900153300001300162362000800175650001800183773002600201180718b2001 xxu||||| |||| 00| 0 eng d aJob, Sebastian aGlobalising Russia? The neoliberal/nationalist two step and the russification of the west c2001 ap.931-49 aDec aGlobalization aThird World Quarterly